Van szerencsém nincs szerencsém
| Médium: | Článok |
|---|---|
| Jazyk: | Hungarian |
| Témy: | |
| Zdroj: |
1. Zempléni Hirlap 1. Roč. 8, č. 75 (29.09.1900) s. 3 |
| LEADER | 00696nab#a2200277#ar4500 | ||
|---|---|---|---|
| 001 | 000060721 | ||
| 003 | SVKKK | ||
| 005 | 19951003xxxxxxx. | ||
| 008 | 06 c xo huno | ||
| FMT | |||
| 038 | |a SVKKK | ||
| 040 | |a SVKKK |b slo |e AACR2 | ||
| 041 | 0 | |a hun | |
| 044 | |a xo |c SK | ||
| 080 | |a 651:323 | ||
| 242 | 1 | 0 | |a Teší ma neteší ma |
| 245 | 0 | 0 | |a Van szerencsém nincs szerencsém |
| 650 | 0 | 4 | |a administratíva - zjednodušenie - Ministerstvo vnútra, Uhorsko - návrhy - nariadenia |
| 773 | 0 | |t Zempléni Hirlap |g Roč. 8, č. 75 (29.09.1900) s. 3 | |
| 957 | |a Uhorsko | ||
| 958 | |a DG | ||
| 958 | |a SK | ||
| 974 | |a KKá |d 19951003 | ||
| 992 | |a RBX | ||
| BAS | |||
| 998 | |a RETRO | ||